000 002230000a22000970004500
100 1 _aMyers, Bryant
245 1 0 _aMust they road to hear good news?
300 _aNúm 29 (1991), Páginas 7
773 0 _tTogether
942 _cANA
999 _c56433
_d56433